Football - Qui est le Buteur #2 - Statistiques

Statistiques générales
  • Ce quiz a été pris 372 fois
  • Le résultat moyen est 9 sur 15
Statistiques - réponses
Indices Buteurs % Correct
Retourné / Liverpool / Finale de LDC Gareth Bale
84%
Tête / Atlético de Madrid / Finale de LDC Sergio Ramos
82%
Demi volée / Argentine / 8èmes de finale de Coupe du Monde Benjamin Pavard
80%
Tête plongeante / Espagne / Phase de poule de Coupe du Monde Robin Van Persie
79%
Coup franc / Paris Saint-Germain / 8èmes de finale de LDC Neymar Junior
75%
Frappe de loin / France / Finale Euro Eder
72%
Coup franc à la dernière seconde / Nigéria / Demi-finale de CAN Riyad Mahrez
69%
Contrôle poitrine et reprise de volée / Uruguay / 8èmes de finale de Coupe du Monde James Rodriguez
63%
Coup franc de la victoire / Suède / Phase de poule de Coupe du Monde Toni Kroos
55%
Extérieur du pied / RB Leipzig / Quart de finale d'Europa League Dimitri Payet
54%
Reprise de volée / Italie / Finale Euro David Trezeguet
53%
Grosse frappe à 25m / Juventus / Finale de LDC Casemiro
43%
Tête / Bayern Munich / Finale de LDC Didier Drogba
42%
Coup franc du milieu de terrain / Hambourg / Bundesliga Hakan Çalhanoğlu
36%
Reprise de volée / AS Monaco / Demi-finale de LDC Dani Alves
17%
Aucun quiz correspondant
Distribution des résultats
% des personnes avec chaque résultat
Percentile par nombre de réponses
Votre historique - résultats
Vous n’avez pas pris ce quiz